01567nam a2200385 a 4500001001200000003000800012006001900020007001500039008004100054010001700095020004300112020004000155020003800195020003500233040002100268035002100289050002600310082001200336245013400348260005300482300001700535490004600552504005100598533015200649650003900801650003500840650002000875650002600895655002900921700002400950710001700974830004700991856012601038999001701164ebr10256479CaPaEBRm u cr cn|||||||||070702s2007 gw sb 001 0 eng  z 2007027565 z9783110190809 (hardcover : alk. paper) z311019080X (hardcover : alk. paper) z9783110190816 (pbk. : alk. paper) z3110190818 (pbk. : alk. paper) aCaPaEBRcCaPaEBR a(OCoLC)47113258514aP120.V37bS789 2007eb04a41022200aStyle and social identitiesh[electronic resource] :balternative approaches to linguistic heterogeneity /cedited by Peter Auer. aBerlin ;aNew York :bMouton de Gruyter,cc2007. aviii, 513 p.1 aLanguage, power, and social process ;v18 aIncludes bibliographical references and index. aElectronic reproduction.bPalo Alto, Calif. :cebrary,d2013.nAvailable via World Wide Web.nAccess may be limited to ebrary affiliated libraries. 0aLanguage and languagesxVariation. 0aLanguage and languagesxStyle. 0aGroup identity. 0aIdentity (Psychology) 7aElectronic books.2local1 aAuer, Peter,d1954-2 aebrary, Inc. 0aLanguage, power, and social process ;v18.40uhttp://site.ebrary.com/lib/rucke/Doc?id=10256479zAn electronic book accessible through the World Wide Web; click to view c12810d12810